1934 1943 1321 1086 1826 1591 1319 1664 1930 1940 1650 1856 1645 1430 1731 1133 1734 1167 1957 1828 1759 1974 1686 1197 1495 1984 1595 1434 1221 1008 1705 1615 1216 1495 1035 1956 1741 1872 1567 1041 1205 1207 1866 1041 1506 1037 1190 1650 1434 1580 1467 1263 1465 1634 1204 1093 1701 1211 1942 1653 1301 1658 1343 1900 1452 1247 1015 1125 1647 1512 1434 1261 1907 1700 1725 1295 1043 1519 1260 1163 1899 1630 1922 1395 1514 1419 1513 1082 1153 1267 1135 1906 1516 1564 1844 1488 1138 1657 1874 BCNSPRNW ULIB Ver.6.0+V

เปลี่ยนเป็นภาษาไทย

Change to English
 แสดงรายละเอียดบรรณานุกรม
  กลับหน้าหลัก

Brief Record : Get Marc (ISO 2709) : E-mail record : QR code < ปิดหน้าต่าง
LEADER : 00000nam 2200000uu 4500
001    13399127178
003     ULIB
008    191019s2017||||th 000 0 tha d
020    ^a9781438077987 (pbk.)
050  4 ^aPE1128^bL887B
100 1  ^aLougheed, Lin,^d1946
245 10 ^aBarron s writing for the TOEFL iBT /^cLin Lougheed
246 30 ^aWriting for the TOEFL iBT
250    ^a6th ed.
260    ^aHauppauge, N.Y. :^bBarron s Educational Series,^c2017
300    ^av, 309 p. :^bill. ;^c28 cm. +^e1 computer optical disc
505 0  ^aIntroduction -- Self-test -- Writing skills: integretedtask -- Writing skills: independent task -- Writing skills-both tasks -- Model tests
650  0 ^aTest of English as a Foreign Language^vStudy guides
650  0 ^aEnglish language^vTextbooks for foreign speakers
650  0 ^aEnglish language^xExaminations^vStudy guides
650  0 ^aEnglish language^xWriting^xProblems, exercises, etc.
653    ^aTOEFL
945    ^p0^l0^i27870
999    ^aกัณชพร จุลอักษร
รายการนี้ยังไม่มีแท็ก
คุณยังไม่ได้ล็อกอิน คุณสามารถมีกิจกรรมร่วมกับเว็บไซต์ได้ แต่ต้องล็อกอินก่อน ::
  ล็อกอิน

รายการสื่อสารสนเทศ

ลำดับที่ ประเภท เลขเรียก/บาร์โค้ด สถานที่ สถานะ
1. วิทยาศาสตร์การแพทย์ และสุขภาพ
วิทยาศาสตร์การแพทย์ และสุขภาพ
PE1128 L887B ฉ.1 
  Barcode: 27870
ห้องสมุดวิทยาเขตนครสวรรค์
►หนังสือทั่วไป:l:General Books
บนชั้น

BibComment


ยังไม่เคยถูกคอมเมนท์

คอมเมนท์ทรัพยากรรายการนี้
  คอมเมนท์: Barron s writing..


 Copyright 2026. Bcnsprnw @Library